000 00719nam a2200217Ia 4500
001 10851
003 GE_BSU
008 181216s||||||||xx |||||||||||||| ||und||
040 _cGE_BSU
080 _a821.353.1–32
100 _aქავჟარაძე,იროდიონ
245 _aადამი და ევა.
245 _bმოთხრობები.
245 _cრედ.ნ.ხომერიკი;მხატვ.გ.როინიშვილი.
260 _aთბილისი.
260 _bლიტერატურა და ხელოვნება.
260 _c1965.
300 _a204გვ;16სმ.
653 _aადამი და ევა.
942 _cBK
999 _c44093
_d44093